000 00382nam a22001457a 4500
022 _a0803125313
082 _a602.18
_bAME
100 _aASTM
_925089
245 _a1998 Annual book of ASTM Standards; Wood section 4
260 _aUSA:
_bASTM;
_c1998
300 _axvi, 666 p;
_bill:;
_c24 cm
526 _a0
_b0
_c0
_d602_180000000000000_AME
650 _aMCE
_9379
942 _2ddc
_cBK
999 _c550445
_d550445